[Event "IECG TE.2000.P.00403 email"]
[Site "IECG email"]
[Date "2000.07.15"]
[Round "?"]
[White "Aguilar, Sebastian"]
[Black "Carlton, Jeff"]
[Result "1/2-1/2"]
[WhiteElo "800"]
[BlackElo "975"]
[PlyCount "23"]
[EventDate "2000.07.15"]
[EventType "tourn (corr)"]
[EventRounds "12"]
[SourceTitle "Corr 2008"]
[Source "ChessBase"]
[SourceDate "2008.06.24"]
[SourceVersion "1"]
[SourceVersionDate "2008.06.24"]
[SourceQuality "1"]

1. e4 e5 2. Nf3 Nc6 3. Bc4 Nf6 4. Ng5 Bc5 5. Nxf7 Bxf2+ 6. Kxf2 Nxe4+ 7. Kg1 Qh4 8. g3 Nxg3 9. Nxh8 Nxh1 10. Bf7+ Kd8 11. Kxh1 Qe4+ 12. Kg1 1/2-1/2

[Event "IECG TE.2000.P.00403 email"]
[Site "IECG email"]
[Date "2000.07.15"]
[Round "?"]
[White "Carlton, Jeff"]
[Black "Aguilar, Sebastian"]
[Result "1-0"]
[WhiteElo "975"]
[BlackElo "800"]
[PlyCount "39"]
[EventDate "2000.07.15"]
[EventType "tourn (corr)"]
[EventRounds "12"]
[SourceTitle "Corr 2008"]
[Source "ChessBase"]
[SourceDate "2008.06.24"]
[SourceVersion "1"]
[SourceVersionDate "2008.06.24"]
[SourceQuality "1"]

1. e4 e5 2. Nf3 Nc6 3. Bc4 Nf6 4. Ng5 Bc5 5. Nxf7 Qe7 6. Nxh8 Bxf2+ 7. Kf1 Bb6 8. Bf7+ Kd8 9. Bb3 d5 10. d3 Bg4 11. Qd2 Nd4 12. exd5 Ne4 13. Qg5 Nxg5 14. Bxg5 Ke8 15. Bxe7 Kxe7 16. Ke1 Rxh8 17. Na3 Rf8 18. Nc4 Bc5 19. c3 Nxb3 20. axb3 1-0

[Event "IECG TE.2000.P.00403 email"]
[Site "IECG email"]
[Date "2000.07.15"]
[Round "?"]
[White "Carlton, Jeff"]
[Black "Petters Merino, Oscar Augusto"]
[Result "0-1"]
[WhiteElo "975"]
[BlackElo "2235"]
[PlyCount "54"]
[EventDate "2000.07.15"]
[EventType "tourn (corr)"]
[EventRounds "12"]
[SourceTitle "Corr 2008"]
[Source "ChessBase"]
[SourceDate "2008.06.24"]
[SourceVersion "1"]
[SourceVersionDate "2008.06.24"]
[SourceQuality "1"]

1. e4 e5 2. Nf3 Nc6 3. Bc4 Nf6 4. Ng5 Bc5 5. Nxf7 Bxf2+ 6. Kf1 Qe7 7. Nxh8 d5 8. exd5 Nd4 9. h3 Bh4 10. c3 Nf5 11. d6 Qxd6 12. Qb3 e4 13. Nf7 Qg3 14. Ke2 Qxg2+ 15. Kd1 Qxh1+ 16. Kc2 a6 17. Ne5 Qh2 18. Qa4+ Kf8 19. Qb4+ Nd6 20. Nf7 b5 21. Nxd6 cxd6 22. Bd5 Nxd5 23. Qxe4 Bb7 24. Qe6 Re8 25. Qf5+ Nf6 26. Qf1 Re1 27. Qxe1 Bxe1 0-1

[Event "IECG TE.2000.P.00403 email"]
[Site "IECG email"]
[Date "2000.07.15"]
[Round "?"]
[White "Zvidra, Aivars"]
[Black "Carlton, Jeff"]
[Result "0-1"]
[WhiteElo "1568"]
[BlackElo "975"]
[PlyCount "72"]
[EventDate "2000.07.15"]
[EventType "tourn (corr)"]
[EventRounds "12"]
[SourceTitle "Corr 2008"]
[Source "ChessBase"]
[SourceDate "2008.06.24"]
[SourceVersion "1"]
[SourceVersionDate "2008.06.24"]
[SourceQuality "1"]

1. e4 e5 2. Nf3 Nc6 3. Bc4 Nf6 4. Ng5 Bc5 5. Bxf7+ Ke7 6. Bd5 Rf8 7. 0-0 d6 8. Bxc6 bxc6 9. d3 Bg4 10. Nf3 Rb8 11. c3 Bb6 12. a4 a6 13. a5 Ba7 14. b4 Qd7 15. Be3 Bxf3 16. Qxf3 Ng4 17. Qg3 Nxe3 18. fxe3 Rxf1+ 19. Kxf1 Kf7 20. Na3 Kg8 21. Nc4 c5 22. bxc5 Bxc5 23. Rc1 Rf8+ 24. Kg1 Qb5 25. Qg4 h6 26. Qd1 Rb8 27. Qe2 Qb3 28. d4 Ba7 29. dxe5 dxe5 30. Nxe5 Qe6 31. Nf3 Qxe4 32. Kh1 Rb5 33. Nd4 Rxa5 34. Qc4+ Kh7 35. Qxc7 Qxe3 36. Rf1 Re5 0-1

[Event "IECC TH-T email"]
[Site "IECC email"]
[Date "2000.05.16"]
[Round "?"]
[White "Cherner, Lyle"]
[Black "Carlton, Jeff"]
[Result "0-1"]
[WhiteElo "1208"]
[BlackElo "1829"]
[PlyCount "42"]
[EventDate "2000.??.??"]
[EventType "match (corr)"]
[EventRounds "2"]
[SourceTitle "Corr 2008"]
[Source "ChessBase"]
[SourceDate "2008.06.24"]
[SourceVersion "1"]
[SourceVersionDate "2008.06.24"]
[SourceQuality "1"]

1. e4 e5 2. Nf3 Nc6 3. Bb5 f5 4. exf5 e4 5. Qe2 Qe7 6. Bxc6 dxc6 7. Nd4 Qe5 8. Ne6 Bxe6 9. fxe6 Bd6 10. Nc3 Nf6 11. Qc4 0-0-0 12. b3 Rhe8 13. Bb2 Qxe6 14. Qe2 Be5 15. 0-0-0 Qg4 16. h3 Qxg2 17. Rdg1 Qf3 18. Qxf3 exf3 19. Rxg7 Bf4 20. Rd1 Re2 21. Nxe2 fxe2 0-1

[Event "IECC TH-T email"]
[Site "IECC email"]
[Date "2000.04.02"]
[Round "?"]
[White "Carlton, Jeff"]
[Black "Nagley, Tim"]
[Result "1-0"]
[WhiteElo "1745"]
[BlackElo "2015"]
[PlyCount "67"]
[EventDate "2000.??.??"]
[EventType "match (corr)"]
[EventRounds "2"]
[SourceTitle "Corr 2008"]
[Source "ChessBase"]
[SourceDate "2008.06.24"]
[SourceVersion "1"]
[SourceVersionDate "2008.06.24"]
[SourceQuality "1"]

1. e4 e5 2. f4 Qh4+ 3. g3 Qe7 4. fxe5 d6 5. exd6 Qxe4+ 6. Qe2 Qxe2+ 7. Nxe2 Bxd6 8. Bg2 Nc6 9. Bxc6+ bxc6 10. Nbc3 Nf6 11. d3 0-0 12. Bg5 Nd5 13. 0-0-0 Rb8 14. Rde1 Rb6 15. Bd2 Be6 16. Nd4 Bd7 17. Rhf1 Rfb8 18. Nb3 Be6 19. Ne4 a5 20. Bxa5 Ra6 21. Ng5 Ne3 22. Rxe3 Bxb3 23. Be1 Bxa2 24. b3 Bc5 25. Ref3 f6 26. Ne4 Bb6 27. g4 h6 28. Bc3 Rd8 29. h4 Kf7 30. g5 hxg5 31. hxg5 Rd5 32. gxf6 g6 33. Rh1 Rh5 34. Rxh5 1-0

[Event "IECC Swiss email"]
[Site "IECC email"]
[Date "2000.03.25"]
[Round "?"]
[White "Carlton, Jeff"]
[Black "Van Niekerk, Jan"]
[Result "1-0"]
[WhiteElo "1777"]
[BlackElo "1025"]
[PlyCount "60"]
[EventDate "2000.??.??"]
[EventType "tourn (corr)"]
[EventRounds "6"]
[SourceTitle "Corr 2008"]
[Source "ChessBase"]
[SourceDate "2008.06.24"]
[SourceVersion "1"]
[SourceVersionDate "2008.06.24"]
[SourceQuality "1"]

1. e4 e5 2. f4 exf4 3. Nf3 g5 4. h4 g4 5. Ne5 Nf6 6. d4 d6 7. Nd3 Nxe4 8. Bxf4 Bg7 9. c3 0-0 10. Nd2 Re8 11. Nxe4 Rxe4+ 12. Be2 Qe7 13. g3 d5 14. Nc5 Rxe2+ 15. Qxe2 Qxe2+ 16. Kxe2 b6 17. Nd3 Nc6 18. Bxc7 Ba6 19. Kd2 Re8 20. Rae1 Bh6+ 21. Bf4 Bxf4+ 22. Nxf4 Rd8 23. Re3 Na5 24. b3 Kf8 25. Re5 Bb7 26. Rf1 Nc6 27. Ne6+ Ke7 28. Nxd8+ Kxd8 29. Rxd5+ Ke7 30. Re1+ Kf8 1-0

[Event "IECC TH-M email"]
[Site "IECC email"]
[Date "1999.09.08"]
[Round "?"]
[White "Nagley, Tim"]
[Black "Carlton, Jeff"]
[Result "1-0"]
[WhiteElo "1946"]
[BlackElo "1713"]
[PlyCount "79"]
[EventDate "1999.??.??"]
[EventType "match (corr)"]
[EventRounds "2"]
[SourceTitle "Corr 2008"]
[Source "ChessBase"]
[SourceDate "2008.06.24"]
[SourceVersion "1"]
[SourceVersionDate "2008.06.24"]
[SourceQuality "1"]

1. e4 e5 2. Nf3 Nc6 3. Bb5 a6 4. Ba4 Nf6 5. d4 Nxe4 6. Qe2 f5 7. dxe5 b5 8. Bb3 Bc5 9. 0-0 Bb7 10. Bd5 Na5 11. Bxb7 Nxb7 12. a4 b4 13. Nbd2 Nxd2 14. Bxd2 Qe7 15. Qd3 Rf8 16. Rad1 Nd8 17. Qc4 h6 18. Nh4 Nc6 19. Ng6 Qf7 20. Qxc5 Qxg6 21. e6 Rf6 22. Bxb4 0-0-0 23. Qc4 Nxb4 24. exd7+ Kb7 25. Qxb4+ Rb6 26. Qa3 Qf7 27. a5 Re6 28. Qb4+ Ka8 29. Rd3 Qe7 30. Qxe7 Rxe7 31. Rfd1 Re2 32. Re3 Rxe3 33. fxe3 Kb7 34. c4 c6 35. Kf2 Kc7 36. Kf3 Rxd7 37. Rxd7+ Kxd7 38. b4 g6 39. g4 fxg4+ 40. Kxg4 1-0

[Event "IECC TH-M email"]
[Site "IECC email"]
[Date "1999.08.24"]
[Round "?"]
[White "Carlton, Jeff"]
[Black "Reuter, Alfred J"]
[Result "1-0"]
[WhiteElo "1735"]
[BlackElo "1600"]
[PlyCount "25"]
[EventDate "1999.??.??"]
[EventType "match (corr)"]
[EventRounds "2"]
[SourceTitle "Corr 2008"]
[Source "ChessBase"]
[SourceDate "2008.06.24"]
[SourceVersion "1"]
[SourceVersionDate "2008.06.24"]
[SourceQuality "1"]

1. d4 d5 2. e4 dxe4 3. Nc3 Nf6 4. f3 exf3 5. Nxf3 e6 6. Bg5 Be7 7. Bd3 0-0 8. 0-0 c5 9. Qe1 cxd4 10. Ne2 Nc6 11. Qh4 h6 12. Bxh6 Nd5 13. Bh7+ 1-0

[Event "IECC TH-M email"]
[Site "IECC email"]
[Date "1999.08.24"]
[Round "?"]
[White "Reuter, Alfred J"]
[Black "Carlton, Jeff"]
[Result "0-1"]
[WhiteElo "1600"]
[BlackElo "1745"]
[PlyCount "44"]
[EventDate "1999.??.??"]
[EventType "match (corr)"]
[EventRounds "2"]
[SourceTitle "Corr 2008"]
[Source "ChessBase"]
[SourceDate "2008.06.24"]
[SourceVersion "1"]
[SourceVersionDate "2008.06.24"]
[SourceQuality "1"]

1. d4 d5 2. e4 dxe4 3. Nc3 Nf6 4. f3 exf3 5. Qxf3 Qxd4 6. Be3 Qd8 7. Rd1 Nbd7 8. Bc4 e6 9. Nh3 Bd6 10. 0-0 0-0 11. Bd3 Ne5 12. Qe2 Nfg4 13. Bg5 f6 14. Bf4 Nxd3 15. Rxd3 e5 16. Bg3 f5 17. Rfd1 Be6 18. R3d2 Bc5+ 19. Kh1 Qf6 20. Nd5 Bxd5 21. Rxd5 Bd4 22. c3 Qc6 0-1

[Event "IECC TH-M email"]
[Site "IECC email"]
[Date "1999.08.19"]
[Round "?"]
[White "Carlton, Jeff"]
[Black "Ollivier, Alain"]
[Result "0-1"]
[WhiteElo "1724"]
[BlackElo "1755"]
[PlyCount "134"]
[EventDate "1999.??.??"]
[EventType "match (corr)"]
[EventRounds "2"]
[SourceTitle "Corr 2008"]
[Source "ChessBase"]
[SourceDate "2008.06.24"]
[SourceVersion "1"]
[SourceVersionDate "2008.06.24"]
[SourceQuality "1"]

1. e4 e5 2. Nf3 Nc6 3. Bb5 a6 4. Ba4 Nf6 5. 0-0 Be7 6. Re1 b5 7. Bb3 d6 8. c3 0-0 9. d3 Na5 10. Bc2 c5 11. Nbd2 Nc6 12. Nf1 Re8 13. Ne3 Bf8 14. Nd5 h6 15. a4 Bb7 16. axb5 axb5 17. Rxa8 Bxa8 18. Bd2 Nxd5 19. exd5 Ne7 20. c4 Qd7 21. b4 cxb4 22. Bxb4 Rc8 23. Nd2 Qb7 24. Bxd6 Nxd5 25. cxd5 Bxd6 26. Bb3 Qc7 27. d4 exd4 28. Nf3 Qc5 29. Qxd4 Qxd4 30. Nxd4 Rc5 31. Re8+ Bf8 32. h4 Bxd5 33. Bxd5 Rxd5 34. Nc6 Rd1+ 35. Kh2 g6 36. Rb8 Rb1 37. Ne5 Kg7 38. Rb7 Bd6 39. f4 Bxe5 40. fxe5 Kf8 41. Kh3 b4 42. Kg3 b3 43. Kf3 b2 44. Kg3 Ke8 45. Kf2 Kd8 46. Kg3 Kc8 47. Rb4 Kc7 48. Rc4+ Kd7 49. Rb4 Kc6 50. Kf2 Kd5 51. Rb5+ Kd4 52. Rb7 Kxe5 53. Kg3 Kd5 54. Rb8 f5 55. Rd8+ Ke4 56. Re8+ Kd3 57. Rd8+ Ke2 58. Re8+ Kf1 59. Rb8 Kg1 60. Kh3 h5 61. Kg3 f4+ 62. Kxf4 Rf1+ 63. Kg5 b1Q 64. Rxb1 Rxb1 65. Kxg6 Rb5 66. g4 hxg4 67. h5 Rxh5 0-1

[Event "IECC KO email"]
[Site "IECC email"]
[Date "1999.08.06"]
[Round "?"]
[White "Berry, Ed"]
[Black "Carlton, Jeff"]
[Result "1/2-1/2"]
[WhiteElo "1977"]
[BlackElo "1707"]
[PlyCount "87"]
[EventDate "1999.??.??"]
[EventType "tourn (corr)"]
[EventRounds "6"]
[SourceTitle "Corr 2008"]
[Source "ChessBase"]
[SourceDate "2008.06.24"]
[SourceVersion "1"]
[SourceVersionDate "2008.06.24"]
[SourceQuality "1"]

1. e4 e5 2. f4 exf4 3. Nf3 Be7 4. Bc4 Nf6 5. e5 Ng4 6. Nc3 Bh4+ 7. Kf1 Nf2 8. Qe1 Nxh1 9. Nxh4 Nc6 10. Kg1 0-0 11. Nf3 Re8 12. Qe4 d6 13. d4 dxe5 14. dxe5 Bg4 15. Bxf7+ Kxf7 16. Qxf4+ Kg8 17. Qxg4 Nxe5 18. Nxe5 Rxe5 19. Qc4+ Kh8 20. Bf4 b5 21. Nxb5 Rxb5 22. Qxb5 Qd4+ 23. Kxh1 Qxf4 24. Rf1 c6 25. Qa6 Qc7 26. Qc4 Rd8 27. Qc5 h6 28. a3 Qb8 29. b4 Qb5 30. Rf8+ Rxf8 31. Qxf8+ Kh7 32. Qf3 Qg5 33. Qd3+ Kh8 34. g3 a5 35. bxa5 Qxa5 36. Kg2 c5 37. c4 Kg8 38. h4 Kf7 39. h5 Ke7 40. Kf3 Qb6 41. a4 Qf6+ 42. Ke2 Qb2+ 43. Qd2 Qb7 44. Qe3+ 1/2-1/2

[Event "IECC KO email"]
[Site "IECC email"]
[Date "1999.08.06"]
[Round "?"]
[White "Carlton, Jeff"]
[Black "Berry, Ed"]
[Result "0-1"]
[WhiteElo "1718"]
[BlackElo "1966"]
[PlyCount "68"]
[EventDate "1999.??.??"]
[EventType "tourn (corr)"]
[EventRounds "6"]
[SourceTitle "Corr 2008"]
[Source "ChessBase"]
[SourceDate "2008.06.24"]
[SourceVersion "1"]
[SourceVersionDate "2008.06.24"]
[SourceQuality "1"]

1. e4 c5 2. Nf3 d6 3. d4 cxd4 4. Nxd4 Nf6 5. Nc3 a6 6. Bg5 e6 7. f4 Be7 8. Qf3 Qc7 9. 0-0-0 Nbd7 10. g4 h6 11. Bxf6 Bxf6 12. h4 Bxd4 13. Rxd4 e5 14. Nd5 Qa5 15. Rd3 exf4 16. Qxf4 Ne5 17. Rc3 Rb8 18. Nc7+ Ke7 19. g5 Be6 20. gxh6 gxh6 21. a3 Rbc8 22. b4 Qb6 23. Nd5+ Bxd5 24. Rxc8 Rxc8 25. exd5 a5 26. Qxh6 axb4 27. Qg5+ f6 28. Qg7+ Nf7 29. Qg3 Rc3 30. Bd3 Rxa3 31. Re1+ Kf8 32. Qf4 b3 33. cxb3 Qa5 34. b4 Qc7+ 0-1

[Event "IECC TH-M email"]
[Site "IECC email"]
[Date "1999.05.27"]
[Round "?"]
[White "Carlton, Jeff"]
[Black "Hartmann, Per"]
[Result "1/2-1/2"]
[WhiteElo "1736"]
[BlackElo "1500"]
[PlyCount "81"]
[EventDate "1999.??.??"]
[EventType "match (corr)"]
[EventRounds "2"]
[SourceTitle "Corr 2008"]
[Source "ChessBase"]
[SourceDate "2008.06.24"]
[SourceVersion "1"]
[SourceVersionDate "2008.06.24"]
[SourceQuality "1"]

1. e4 e5 2. f4 exf4 3. Nf3 g5 4. Bc4 g4 5. 0-0 gxf3 6. Qxf3 Qf6 7. e5 Qxe5 8. d3 Bh6 9. Nc3 Ne7 10. Bd2 Nbc6 11. Rae1 Qf5 12. Nd5 Kd8 13. Bxf4 Bxf4 14. Nxf4 d6 15. Qf2 Be6 16. Bxe6 fxe6 17. Nxe6+ Kd7 18. Qxf5 Nxf5 19. Rxf5 Rae8 20. Rf7+ Re7 21. Rxe7+ Nxe7 22. Nxc7 Rc8 23. Ne6 Rxc2 24. Nf8+ Kd8 25. Nxh7 Rxb2 26. a4 Rb3 27. d4 Rb4 28. Ng5 Rxa4 29. h4 Nf5 30. h5 Nh6 31. Re6 Ng4 32. g3 Rxd4 33. h6 Rd1+ 34. Kg2 Nxh6 35. Rxh6 a5 36. Ne4 Kd7 37. g4 a4 38. g5 a3 39. Nc3 Rc1 40. Rh3 a2 41. Nxa2 1/2-1/2

[Event "IECC TH-M email"]
[Site "IECC email"]
[Date "1999.05.08"]
[Round "?"]
[White "Benyovszki, Pal"]
[Black "Carlton, Jeff"]
[Result "0-1"]
[WhiteElo "1684"]
[BlackElo "1696"]
[PlyCount "44"]
[EventDate "1999.??.??"]
[EventType "match (corr)"]
[EventRounds "2"]
[SourceTitle "Corr 2008"]
[Source "ChessBase"]
[SourceDate "2008.06.24"]
[SourceVersion "1"]
[SourceVersionDate "2008.06.24"]
[SourceQuality "1"]

1. e4 e5 2. Nf3 Nc6 3. Bc4 Nf6 4. Ng5 Bc5 5. Bxf7+ Ke7 6. Bb3 Rf8 7. 0-0 h6 8. Nf3 d6 9. d3 Qe8 10. Nh4 Ng4 11. Nf5+ Bxf5 12. exf5 Nxf2 13. Qe2 Nd4 14. Qxf2 Ne2+ 15. Kh1 Bxf2 16. Rxf2 Nxc1 17. Bc4 d5 18. Bxd5 Qb5 19. c4 Qc5 20. Rf3 Qb4 21. Re3 Qxb2 22. Nc3 Qxa1 0-1

[Event "IECC M email"]
[Site "IECC email"]
[Date "1999.04.11"]
[Round "?"]
[White "Carlton, Jeff"]
[Black "Hill, Robin"]
[Result "1/2-1/2"]
[WhiteElo "1833"]
[BlackElo "1713"]
[PlyCount "62"]
[EventDate "1999.??.??"]
[EventType "tourn (corr)"]
[EventRounds "6"]
[SourceTitle "Corr 2008"]
[Source "ChessBase"]
[SourceDate "2008.06.24"]
[SourceVersion "1"]
[SourceVersionDate "2008.06.24"]
[SourceQuality "1"]

1. e4 e6 2. d4 d5 3. Nc3 Bb4 4. Bd2 dxe4 5. Qg4 Qxd4 6. 0-0-0 f5 7. Qg3 Bd6 8. Bf4 Bxf4+ 9. Qxf4 Qc5 10. Nb5 Na6 11. Qd2 Qe7 12. Bc4 Nf6 13. Ne2 0-0 14. f3 Bd7 15. Nec3 Qc5 16. Qe2 Qe5 17. fxe4 Bxb5 18. Bxb5 Nxe4 19. Nxe4 fxe4 20. Rhf1 Nc5 21. g4 a6 22. Bc4 b5 23. Bb3 a5 24. a3 b4 25. a4 Nxb3+ 26. cxb3 Rxf1 27. Rxf1 Rf8 28. Re1 Rf4 29. h4 Qd5 30. Rd1 Qe5 31. Re1 Qd5 1/2-1/2